| 000 | 01395nam a22003737a 4500 | ||
|---|---|---|---|
| 003 | CHAP | ||
| 005 | 20220817044203.0 | ||
| 008 | 071113d2006 mx r 00110 spa d | ||
| 010 | _a94186 | ||
| 011 | _a95158 | ||
| 035 | _a105769 | ||
| 040 | _cCHAP | ||
| 090 | _aTesis | ||
| 100 | 1 |
_aTorres Pacheco, Héctor Manuel. _9114192 |
|
| 245 | 1 | 0 |
_aRespuesta productiva postdestete en ovinos pelibuey alimentados con diferentes dietas basadas en forraje y alimento balanceado _c/por Héctor Manuel Torres Pacheco |
| 260 |
_aCocula, Gro. : _bEl autor, _c2006 |
||
| 300 |
_a49 h. : _bgráfs. ; cuadros |
||
| 502 | _aTesis (Ing. Agr. Zootecnista) -- Colegio Superior Agropecuario del Estado de Guerrero. Centro de Estudios Profesionales | ||
| 590 |
_aALEPH _b10 _c20130110 _lUCH01 _h1520 |
||
| 590 |
_aBATCH-UPD _b10 _c20130110 _lUCH01 _h0809 |
||
| 590 |
_aBATCH-UPD _b10 _c20130410 _lUCH01 _h0446 |
||
| 590 |
_aBATCH-UPD _b10 _c20130914 _lUCH01 _h0700 |
||
| 590 |
_aCONVERSION _b10 _c20130109 _lUCH01 _h1352 |
||
| 650 | 1 | 4 |
_aAlimentos y alimentacion del ganado. _94326 |
| 650 | 1 | 4 |
_aBorrego Pelibuey. _913937 |
| 650 | 1 | 4 |
_aDietas. _932541 |
| 650 | 1 | 4 | _aForrajes. |
| 650 | 1 | 4 |
_aGanado lanar _xAlimentación. _945153 |
| 650 | 1 | 4 |
_aGanado lanar _xDestete. _945169 |
| 901 | _aBK | ||
| 905 | _aElisama A. H. | ||
| 942 | _cTESIS | ||
| 949 |
_aTesis _bBC _cTES _d33724002034710 _eTS1 _gDonaciØn _h47239 _i105769 _sb |
||
| 999 |
_c94186 _d94186 |
||